LEADER 00758nam2-22002891i-450- 001 990000221190403321 035 $a000022119 035 $aFED01000022119 035 $a(Aleph)000022119FED01 035 $a000022119 100 $a20011111d--------km-y0itay50------ba 101 0 $aita 105 $ay-------001yy 200 1 $a1. : XLVIII, 572 p., 20 tav. : ill. 210 $aParis$cDunod$d1862- 215 $av.$d23 cm 461 0$1001000009767$12001$aManuel de minéralogie 610 0 $aMineralogia 676 $a549 700 1$aDes Cloizeaux,$bAlfred$f<1817-1897> 801 0$aIT$bUNINA$gRICA$2UNIMARC 901 $aBK 912 $a990000221190403321 952 $a13 AR 21 C 21$b3888$fFINBC 959 $aFINBC 997 $aUNINA DB $aING01 LEADER 00993nam--2200325---450- 001 990005813590203316 005 20130301132817.0 035 $a000581359 035 $aUSA01000581359 035 $a(ALEPH)000581359USA01 035 $a000581359 100 $a20130301d1962----km-y0itay50------ba 101 $aita 102 $aIT 105 $a||||||||001yy 200 1 $a<> giustificazione filosofica del dogma trinitario in S. Tommaso$fOlindo Del Donno 210 $aBari$cEuropa$d[1962?] 215 $a181 p.$d22 cm 606 1$aTrinità$xTommaso : d'Aquino $2BNCF 676 $a231.044092 700 1$aDEL DONNO,$bOlindo$0482775 801 0$aIT$bsalbc$gISBD 912 $a990005813590203316 951 $aXV.8. 1442$b229002 L.M.$cXV.8. 959 $aBK 969 $aFSO 979 $aIANNONE$b90$c20130301$lUSA01$h1326 979 $aIANNONE$b90$c20130301$lUSA01$h1328 996 $aGiustificazione filosofica del dogma trinitario in S. Tommaso$91088933 997 $aUNISA